[Event "WchT Seniors 50"]
[Site "Vilnius"]
[Date "2014.07.15"]
[Round "3.5"]
[White "Zapolskis, Antanas J"]
[Black "White, Alastair F"]
[Result "1-0"]
[WhiteElo "2297"]
[BlackElo "2033"]
[PlyCount "35"]
[EventDate "2014.07.13"]
[EventType "team-swiss"]
[EventRounds "9"]
[EventCountry "LTU"]
[SourceTitle "CBM 161 Extra"]
[Source "ChessBase"]
[SourceDate "2014.08.29"]
[SourceVersion "1"]
[SourceVersionDate "2014.08.29"]
[SourceQuality "1"]
[WhiteTeam "Lithuania Maccabi"]
[BlackTeam "Scotland"]
[WhiteTeamCountry "LTU"]
[BlackTeamCountry "SCO"]

1. e4 d6 2. d4 Nf6 3. Nc3 e5 4. dxe5 dxe5 5. Qxd8+ Kxd8 6. Be3 Be6 7. 0-0-0+ Bd6 8. Nf3 Ke7 9. h3 h6 10. g4 g5 11. Nd2 c6 12. f3 Nh7 13. Nc4 Bxc4 14. Bxc4 b5 15. Bxf7 Rf8 16. Bg6 Rxf3 17. Rd3 Nf8 18. Bxg5+ 1-0

[Event "WchT Seniors 50"]
[Site "Vilnius"]
[Date "2014.07.14"]
[Round "2.1"]
[White "Malisauskas, Vidmantas"]
[Black "Zapolskis, Antanas J"]
[Result "1-0"]
[WhiteElo "2409"]
[BlackElo "2297"]
[PlyCount "79"]
[EventDate "2014.07.13"]
[EventType "team-swiss"]
[EventRounds "9"]
[EventCountry "LTU"]
[SourceTitle "CBM 161 Extra"]
[Source "ChessBase"]
[SourceDate "2014.08.29"]
[SourceVersion "1"]
[SourceVersionDate "2014.08.29"]
[SourceQuality "1"]
[WhiteTeam "Lithuania"]
[BlackTeam "Lithuania Maccabi"]
[WhiteTeamCountry "LTU"]
[BlackTeamCountry "LTU"]

1. d4 d5 2. c4 c6 3. Nf3 Nf6 4. e3 a6 5. Bd3 b5 6. cxd5 cxd5 7. a4 b4 8. 0-0 Bg4 9. h3 Bxf3 10. Qxf3 e6 11. Nd2 Be7 12. a5 0-0 13. Nb3 Qd6 14. Bd2 e5 15. dxe5 Qxe5 16. Nd4 Bd6 17. Qf4 Nbd7 18. Rfc1 Ne4 19. Qxe5 Nxe5 20. Bxe4 dxe4 21. Nf5 Rfd8 22. Nxd6 Rxd6 23. Bxb4 Rd5 24. Rc5 Rad8 25. Rxd5 Rxd5 26. Rc1 f6 27. Kf1 Nd3 28. Rc8+ Kf7 29. Rc7+ Kg8 30. Bc3 Rf5 31. f4 exf3 32. gxf3 Nc5 33. Ke2 Na4 34. Bd4 Rb5 35. Rc6 Nxb2 36. Rxa6 Nc4 37. Ra8+ Kf7 38. a6 Ra5 39. a7 Ra2+ 40. Kd1 1-0